K histórii Letného seminára slovenského jazyka a kultúry Studia Academica Slovaca

Bibliographic Details
Main Author: Mistrík, Jozef, 1921-2000 (Author)
Format: Article
Language:Slovak
Subjects:

MARC

LEADER 00000nab a2200000 a 4500
001 vtls000462736
003 SK-MaSNL
005 20260303161223.0
008 230223c1990 xo 0 slo
015 |a SNBRA19rr/mm-uuuuu 
035 |a CL0462869 
035 |a urn:nbn:sk:snk-ab983a 
035 |a (urnnbn)urn:nbn:sk:snk:ar-0079ww 
035 |a (uuid)9d3749fa-9461-43dc-a013-b6e60e690de1 
040 |a SNKBUCL  |b slo  |c SNKBUCL  |e AACR2 
041 0 |a slo 
044 |a xo  |c SK 
080 |a 808.54:061.3(091)  |2 1981 
080 |a 061.3(091)  |2 1981 
080 |a 008  |2 1981 
080 |a 061.3  |2 1981 
080 |a 82  |2 1981 
100 1 |a Mistrík, Jozef,  |d 1921-2000  |4 aut  |9 108177 
245 1 0 |a K histórii Letného seminára slovenského jazyka a kultúry  |b Studia Academica Slovaca  |c Jozef Mistrík 
611 7 |a Studia Academica Slovaca (seminár)  |2 snkbucl  |9 945361 
650 0 7 |a slovakistika  |2 snkbucl  |9 20944 
655 7 |a články zo zborníkov  |2 snkbucl  |9 166140 
773 0 |t Studia academica slovaca 19  |d Bratislava : ALFA, 1990 
850 |a Slovenská národná knižnica v Martine  |a MTA001 
852 |a SNK  |b KIS3GCP 
954 |a odborná, vedecká literatúra pôvodná (slovenská)  |2 lita 
958 |a RK 
958 |a OND 
958 |a EUIPO 
958 |a article13 
992 |a RZB 
999 |c 2048643  |d 2050573